000
00378nam a22001337a 4500
003
SGT
020
_a
9789382307822
082
_a
891.4309
_b
E16G
100
_a
गुंदेया, संगीता
245
_a
एकान्त का मानचित्र
260
_b
सूर्य प्रकाशन मंदिर
_c
2016
300
_a
135
942
_2
ddc
_c
BK
999
_c
29706
_d
29706